Catálogo de la Biblioteca Horacio González - Universidad Nacional de General Sarmiento

Reflexiones y diagnósticos (Registro nro. 49313)

Detalles MARC
000 -CABECERA
campo de control de longitud fija 01587nac a22004090a 4500
001 - NÚMERO DE CONTROL
campo de control PT37530
003 - IDENTIFICADOR DEL NÚMERO DE CONTROL
campo de control AR-LpoUNG
005 - FECHA Y HORA DE LA ÚLTIMA TRANSACCIÓN
campo de control 20210201005354.0
008 - DATOS DE LONGITUD FIJA--INFORMACIÓN GENERAL
campo de control de longitud fija 201001s2000||||ag |||||||||||||||||spa d
040 ## - FUENTE DE LA CATALOGACIÓN
Centro catalogador/agencia de origen AR-LpoUNG
Lengua de catalogación spa
Normas de descripción aacr
041 ## - CÓDIGO DE LENGUA
Código de lengua del texto/banda sonora o título independiente spa
044 ## - CÓDIGO DEL PAÍS DE LA ENTIDAD EDITORA/PRODUCTORA
Código MARC del país ag
100 1# - ENTRADA PRINCIPAL--NOMBRE DE PERSONA
Nombre de persona Lindenboim, Javier
Término indicativo de función/relación comp.
245 10 - MENCIÓN DE TÍTULO
Título Reflexiones y diagnósticos
250 ## - MENCIÓN DE EDICIÓN
Mención de edición 1ª edición
260 ## - PUBLICACIÓN, DISTRIBUCIÓN, ETC.
Lugar de publicación, distribución, etc. Buenos Aires :
Nombre del editor, distribuidor, etc. Centro de Estudios sobre Población, Empleo y Desarrollo,
Fecha de publicación, distribución, etc. agosto 2000.
300 ## - DESCRIPCIÓN FÍSICA
Extensión 167 p. :
Otras características físicas tbls., gráfs.
Especificación de materiales Impreso
490 0# - MENCIÓN DE SERIE
Mención de serie Crisis y metamorfosis del mercado de trabajo
520 ## - SUMARIO, ETC.
Sumario, etc. A través de este estudio se demuestra que la crisis laboral en Argentina resulta un fenómeno intenso cuyas razones no pueden reducirse a los cambios tecnológicos ni a las crisis exógenas; ni tampoco pueden atribuirse a las transformaciones estructurales reciente o a la crisis del modelo de convertibilidad. Se trata de un problema cuya matriz fundamental reside en la debilidad estructural de la capacidad de crecimiento económico y en la distribución del ingreso.
651 #4 - PUNTO DE ACCESO ADICIONAL DE MATERIA--NOMBRE GEOGRÁFICO
Nombre geográfico Argentina
653 ## - TÉRMINO DE INDIZACIÓN--NO CONTROLADO
Término no controlado CEPED
653 ## - TÉRMINO DE INDIZACIÓN--NO CONTROLADO
Término no controlado FCE
653 ## - TÉRMINO DE INDIZACIÓN--NO CONTROLADO
Término no controlado UBA
700 1# - PUNTO DE ACCESO ADICIONAL--NOMBRE DE PERSONA
Nombre de persona Bustos, Juan M.
700 1# - PUNTO DE ACCESO ADICIONAL--NOMBRE DE PERSONA
Nombre de persona Cillis, Natalia
700 1# - PUNTO DE ACCESO ADICIONAL--NOMBRE DE PERSONA
Nombre de persona García Allegrone, Verónica
700 1# - PUNTO DE ACCESO ADICIONAL--NOMBRE DE PERSONA
Nombre de persona González, Mariana
700 1# - PUNTO DE ACCESO ADICIONAL--NOMBRE DE PERSONA
Nombre de persona Herrera Gallo, Gonzalo
700 1# - PUNTO DE ACCESO ADICIONAL--NOMBRE DE PERSONA
Nombre de persona Oliva, Miguel
700 1# - PUNTO DE ACCESO ADICIONAL--NOMBRE DE PERSONA
Nombre de persona Persia, Juliana
700 1# - PUNTO DE ACCESO ADICIONAL--NOMBRE DE PERSONA
Nombre de persona Salvia, Agustín
700 1# - PUNTO DE ACCESO ADICIONAL--NOMBRE DE PERSONA
Nombre de persona Sciarrotta, Fernando
700 1# - PUNTO DE ACCESO ADICIONAL--NOMBRE DE PERSONA
Nombre de persona Serino, Leandro
700 1# - PUNTO DE ACCESO ADICIONAL--NOMBRE DE PERSONA
Nombre de persona Tissera, Silvana
905 ## - ELEMENTOS DE DATOS E LOCAL, LDE (RLIN)
a 37530
942 ## - ELEMENTOS DE PUNTO DE ACCESO ADICIONAL (KOHA)
Tipo de ítem Koha Libro
Existencias
Estado de retiro Estado de pérdida Fuente del sistema de clasificación o colocación Estado dañado No para préstamo Código de colección Localización permanente Ubicación/localización actual Fecha de adquisición Total de préstamos Signatura topográfica completa Código de barras Fecha visto por última vez Precio válido a partir de Tipo de ítem Koha
    Dewey Decimal Classification     Colección General Biblioteca Universidad Nacional de General Sarmiento Biblioteca Universidad Nacional de General Sarmiento 01/02/2021   320.01 964v2 00023338 01/02/2021 01/02/2021 Libro